[Event "PRO League Group Stage"]
[Site "chess.com INT"]
[Date "2019.02.07"]
[Round "5"]
[White "Andriasian, Zaven"]
[Black "Dobrov, Vladimir"]
[Result "1/2-1/2"]
[WhiteTitle "GM"]
[BlackTitle "GM"]
[WhiteElo "2604"]
[BlackElo "2478"]
[WhiteTeam "Armenia Eagles"]
[BlackTeam "Moscow Wizards"]
[WhiteFideId "13302000"]
[BlackFideId "4136594"]
[EventDate "2019.01.08"]

1. e4 c5 2. Nf3 d6 3. d4 cxd4 4. Nxd4 Nf6 5. Nc3 a6 6. Be3 e6 7. a4 Nc6 8. Be2
Be7 9. O-O O-O 10. f4 Qc7 11. Kh1 Re8 12. Qe1 Nxd4 13. Bxd4 e5 14. Be3 exf4 15.
Bxf4 Be6 16. Qg3 Nd7 17. Bg4 Ne5 18. Bxe5 dxe5 19. Bxe6 fxe6 20. Qg4 Qc6 21. Ne2
Rad8 22. Ng3 Rf8 23. c3 Qc4 24. h3 g6 25. Rad1 Rxd1 26. Qxd1 Rxf1+ 27. Nxf1 Qxe4
28. Ng3 Qf4 29. Qg4 Kf7 30. Qf3 Qxf3 31. gxf3 Kf6 32. Kg2 Kg5 33. Ne4+ Kf4 34.
Kf2 h5 35. b4 Bh4+ 36. Ke2 Be7 37. Kf2 Bh4+ 38. Ke2 Be7 39. Kf2 Bh4+ 40. Ke2 1/2-1/2

[Event "PRO League Group Stage"]
[Site "chess.com INT"]
[Date "2019.02.07"]
[Round "5"]
[White "Martirosyan, Haik M."]
[Black "Dordzhieva, Dinara"]
[Result "1-0"]
[WhiteTitle "GM"]
[BlackTitle "WIM"]
[WhiteElo "2607"]
[BlackElo "2340"]
[WhiteTeam "Armenia Eagles"]
[BlackTeam "Moscow Wizards"]
[WhiteFideId "13306553"]
[BlackFideId "24157570"]
[EventDate "2019.01.08"]

1. e4 c5 2. Nf3 d6 3. Bb5+ Nc6 4. d4 cxd4 5. Qxd4 Bd7 6. Bxc6 Bxc6 7. c4 Nf6 8.
Nc3 g6 9. Qd3 Bg7 10. Nd4 O-O 11. O-O Rc8 12. f3 Nd7 13. Be3 a6 14. Rac1 Nc5 15.
Qd2 Ne6 16. Nxe6 fxe6 17. Bd4 Bxd4+ 18. Qxd4 Qa5 19. a3 Bd7 20. Kh1 Qc5 21. Qd2
Qe5 22. b3 Qa5 23. Qb2 Qe5 24. Qd2 Qa5 25. a4 Bc6 26. Rfd1 Qe5 27. Qd4 Qh5 28.
Qe3 Rf7 29. Ne2 Rcf8 30. Rf1 Qe5 31. Rcd1 Bxe4 32. Nd4 Bf5 33. Qd2 Qf6 34. Ne2
e5 35. Nc3 Be6 36. Rfe1 Qf4 37. Qxf4 Rxf4 38. a5 Rc8 39. Na4 Rc6 40. Kg1 Kf7 41.
Kf2 Bf5 42. Re2 Rd4 43. Red2 Bc2 44. Rxd4 exd4 45. Rxd4 Bxb3 46. Nb6 Rc5 47.
Rf4+ Kg7 48. Re4 e5 49. f4 exf4 50. Re7+ Kh6 51. Rxb7 Rxa5 52. h4 Rf5 53. Nc8
Bxc4 54. Nxd6 Rc5 55. Ne4 Rf5 56. Nd6 Rc5 57. Ne4 Rf5 58. Ng5 Bg8 59. Ra7 a5 60.
Kf3 Kh5 61. g4+ fxg3+ 62. Kxg3 Kh6 63. Ra8 Kg7 64. Ra7+ Bf7 65. Ne4 Rd5 66. Ng5
Rf5 67. Ne4 h6 68. Nd6 Rf6 69. Ne8+ Kf8 70. Nxf6 1-0

[Event "PRO League Group Stage"]
[Site "chess.com INT"]
[Date "2019.02.07"]
[Round "5"]
[White "Sjugirov, Sanan"]
[Black "Sargsyan, Shant"]
[Result "0-1"]
[WhiteTitle "GM"]
[BlackTitle "IM"]
[WhiteElo "2663"]
[BlackElo "2486"]
[WhiteTeam "Moscow Wizards"]
[BlackTeam "Armenia Eagles"]
[WhiteFideId "4189302"]
[BlackFideId "13306766"]
[EventDate "2019.01.08"]

1. d4 Nf6 2. c4 e6 3. Nc3 Bb4 4. Qc2 d5 5. cxd5 exd5 6. Bg5 h6 7. Bh4 O-O 8. e3
Be6 9. Nf3 Nbd7 10. Be2 Rc8 11. O-O c5 12. dxc5 Rxc5 13. Qd3 Bxc3 14. bxc3 g5
15. Bg3 Ne4 16. Rfc1 Qa5 17. Nd4 Rxc3 18. Qb5 Rxc1+ 19. Rxc1 Qxb5 20. Bxb5 Ndc5
21. Be5 Bd7 22. Bxd7 Nxd7 23. Bg3 Nb6 24. Nf5 Kh7 25. Bc7 Nc4 26. f3 Nf6 27. e4
b5 28. a4 a6 29. axb5 axb5 30. exd5 Nxd5 31. Bg3 Rc8 32. Nd4 b4 33. Be1 Kg6 34.
g3 h5 35. Kf2 g4 36. fxg4 hxg4 37. Kg1 f5 38. Nb3 f4 39. Bxb4 Nxb4 40. gxf4 Nd3
41. Rc2 Rb8 42. Rxc4 Rxb3 43. Kg2 Kf5 44. Ra4 Nxf4+ 45. Kf2 Rb2+ 0-1

[Event "PRO League Group Stage"]
[Site "chess.com INT"]
[Date "2019.02.07"]
[Round "5"]
[White "Tsydypov, Zhamsaran"]
[Black "Sargsyan, Anna M."]
[Result "1/2-1/2"]
[WhiteTitle "IM"]
[BlackTitle "WFM"]
[WhiteElo "2545"]
[BlackElo "2339"]
[WhiteTeam "Moscow Wizards"]
[BlackTeam "Armenia Eagles"]
[WhiteFideId "4108566"]
[BlackFideId "13308130"]
[EventDate "2019.01.08"]

1. Nf3 d5 2. d4 Nf6 3. Bg5 Ne4 4. Bh4 f6 5. Nbd2 g5 6. Bg3 h5 7. h3 Nxg3 8. fxg3
Bh6 9. e4 g4 10. hxg4 hxg4 11. Nh4 Qd6 12. Kf2 Be3+ 13. Kxe3 Qxg3+ 14. Ke2 Rxh4
15. Rxh4 Qxh4 16. exd5 Bf5 17. Nc4 g3 18. Ne3 Bg6 19. Qd2 Nd7 20. Qb4 O-O-O 21.
Re1 Nb6 22. Qc5 Qf4 23. Kd1 Be4 24. c4 Qf2 25. Re2 Qf4 26. Kd2 Bg6 27. b3 Qe4
28. Kc3 Qd3+ 29. Kb4 Rd6 30. Nc2 Nd7 31. Ne1 Nxc5 32. Nxd3 Nxd3+ 33. Kc3 Kd8 34.
Re3 Nf4 35. Rxg3 f5 36. Rg5 Rf6 37. g3 Nh5 38. Bd3 Ng7 39. g4 Ke8 40. gxf5 Nxf5
41. Rxg6 Rxg6 42. Bxf5 Rg3+ 43. Kb4 Kd8 44. c5 Rg5 45. Be6 c6 46. Kc4 Kc7 47.
dxc6 bxc6 48. b4 Rg2 49. a4 a6 50. b5 axb5+ 51. axb5 cxb5+ 52. Kxb5 Rg1 53. Kc4
Rc1+ 54. Kb5 Re1 55. d5 Rc1 56. Kb4 Rb1+ 57. Kc4 Rh1 58. Kb5 Rh4 59. Bf7 Rd4 60.
Be6 Rf4 61. Bg8 Rd4 62. Be6 Rf4 63. Bg8 1/2-1/2

[Event "PRO League Group Stage"]
[Site "chess.com INT"]
[Date "2019.02.07"]
[Round "5"]
[White "Andreikin, Dmitry"]
[Black "Paichadze, Luka"]
[Result "1-0"]
[WhiteTitle "GM"]
[BlackTitle "GM"]
[WhiteElo "2725"]
[BlackElo "2583"]
[WhiteTeam "Volga Stormbringers"]
[BlackTeam "Tbilisi Gentlemen"]
[WhiteFideId "4158814"]
[BlackFideId "13602934"]
[EventDate "2019.01.08"]

1. d4 Nf6 2. c4 e6 3. Nf3 Bb4+ 4. Bd2 a5 5. g3 b6 6. Bg2 Bb7 7. O-O O-O 8. Bf4
Be7 9. Nc3 d5 10. cxd5 Nxd5 11. Nxd5 Bxd5 12. Qc2 Na6 13. e4 Bb7 14. Rad1 h6 15.
a3 Rc8 16. Rfe1 Nb8 17. d5 exd5 18. exd5 Bd6 19. Ne5 Nd7 20. Nc6 Nf6 21. Nxd8 1-0

[Event "PRO League Group Stage"]
[Site "chess.com INT"]
[Date "2019.02.07"]
[Round "5"]
[White "Frolyanov, Dmitry"]
[Black "Volkov, Nika"]
[Result "1-0"]
[WhiteTitle "GM"]
[WhiteElo "2517"]
[BlackElo "2153"]
[WhiteTeam "Volga Stormbringers"]
[BlackTeam "Tbilisi Gentlemen"]
[WhiteFideId "4151976"]
[BlackFideId "13604376"]
[EventDate "2019.01.08"]

1. Nf3 d5 2. g3 e6 3. Bg2 Nf6 4. O-O Be7 5. c4 O-O 6. b3 c5 7. Bb2 b6 8. cxd5
Nxd5 9. d4 Bb7 10. dxc5 Bxc5 11. Nbd2 Qe7 12. a3 Rd8 13. b4 Bd6 14. e4 Nxb4 15.
axb4 Bxb4 16. Qc2 Nd7 17. Rfd1 Nc5 18. Nd4 a5 19. Nc4 Ra6 20. Qe2 Rc8 21. Qg4 f6
22. Nb5 Bc6 23. Nbd6 Rd8 24. Bxf6 Qxf6 25. e5 1-0

[Event "PRO League Group Stage"]
[Site "chess.com INT"]
[Date "2019.02.07"]
[Round "5"]
[White "Jobava, Baadur"]
[Black "Bryakin, Mikhail"]
[Result "1-0"]
[WhiteTitle "GM"]
[BlackTitle "FM"]
[WhiteElo "2629"]
[BlackElo "2426"]
[WhiteTeam "Tbilisi Gentlemen"]
[BlackTeam "Volga Stormbringers"]
[WhiteFideId "13601520"]
[BlackFideId "4165314"]
[EventDate "2019.01.08"]

1. d4 d5 2. c4 c6 3. Nc3 Nf6 4. Nf3 a6 5. cxd5 cxd5 6. Bf4 Nc6 7. Ne5 e6 8. e3
Nxe5 9. Bxe5 Bd6 10. Bd3 O-O 11. O-O b5 12. Qc2 h6 13. Rfc1 Bb7 14. Qd2 Qe7 15.
Ne2 Nd7 16. Bxd6 Qxd6 17. Qa5 Rfc8 18. g3 Kf8 19. b3 Ke7 20. a4 b4 21. Kg2 Rxc1
22. Rxc1 Rc8 23. Rxc8 Bxc8 24. Nc1 Qb6 25. Qxb6 Nxb6 26. a5 Nd7 27. Na2 Nb8 28.
Nxb4 Kd6 29. f4 Bb7 30. h4 f6 31. Kf3 e5 32. Kg4 Ke6 33. Bf5+ Ke7 34. fxe5 fxe5
35. dxe5 g6 36. Bxg6 Ke6 37. Kf4 1-0

[Event "PRO League Group Stage"]
[Site "chess.com INT"]
[Date "2019.02.07"]
[Round "5"]
[White "Pantsulaia, Levan"]
[Black "Ivlev, Aleksey"]
[Result "1-0"]
[WhiteTitle "GM"]
[BlackTitle "FM"]
[WhiteElo "2597"]
[BlackElo "2326"]
[WhiteTeam "Tbilisi Gentlemen"]
[BlackTeam "Volga Stormbringers"]
[WhiteFideId "13602071"]
[BlackFideId "24185949"]
[EventDate "2019.01.08"]

1. Nf3 Nf6 2. g3 g6 3. b3 Bg7 4. Bb2 O-O 5. Bg2 c5 6. c4 Nc6 7. O-O d6 8. d4 Bf5
9. d5 Nb4 10. Nc3 Ne4 11. Qc1 e6 12. dxe6 fxe6 13. Nxe4 Bxe4 14. Bxg7 Kxg7 15.
Ng5 Bf5 16. Bxb7 h6 17. Bxa8 Qxa8 18. Qc3+ e5 19. e4 Bc8 20. a3 Na6 21. Rad1 Rf6
22. Rxd6 Qb8 23. Rfd1 1-0

[Event "PRO League Group Stage"]
[Site "chess.com INT"]
[Date "2019.02.07"]
[Round "5"]
[White "Meshkovs, Nikita"]
[Black "Zakhartsov, Vladimir"]
[Result "1-0"]
[WhiteTitle "GM"]
[BlackTitle "IM"]
[WhiteElo "2557"]
[BlackElo "2483"]
[WhiteTeam "Estonia Horses"]
[BlackTeam "Moscow Phoenix"]
[WhiteFideId "11602740"]
[BlackFideId "4145097"]
[EventDate "2019.01.08"]

1. Nf3 Nf6 2. c4 c5 3. Nc3 e6 4. d4 cxd4 5. Nxd4 b6 6. Ndb5 Nc6 7. Bf4 e5 8. Bg5
a6 9. Bxf6 gxf6 10. Nd6+ Bxd6 11. Qxd6 Qe7 12. O-O-O b5 13. e3 b4 14. Qxe7+ Nxe7
15. Ne4 f5 16. Nd6+ Kf8 17. Nxc8 Rxc8 18. Rxd7 Ng6 19. Be2 Kg7 20. Rhd1 Rc5 21.
Ra7 a5 22. Rdd7 Rf8 23. Kc2 e4 24. Kb3 f4 25. Rd5 Rc6 26. Raxa5 fxe3 27. fxe3
Rf6 28. Rf5 Rd6 29. Rad5 Re6 30. Rd7 Ne5 31. Rd5 Nc6 32. Bg4 h6 33. Rf2 Re7 34.
Bf5 Ra8 35. Rd7 Ree8 36. Rxf7+ Kxf7 37. Bd7+ Ke7 38. Bxc6 Rf8 39. Rxf8 Rxf8 40.
Bxe4 Rf2 41. Bf3 Kd6 42. a3 bxa3 43. Kxa3 Kc5 44. Kb3 h5 45. Kc3 h4 46. b4+ Kb6
47. h3 Ra2 48. e4 Ra3+ 49. Kd4 Rb3 50. b5 Rb2 51. e5 Rd2+ 52. Ke3 Rc2 53. Bd5
Kc5 54. e6 Rc1 55. Kf4 Kd6 56. b6 Rb1 57. b7 Rb3 58. Kg4 1-0

[Event "PRO League Group Stage"]
[Site "chess.com INT"]
[Date "2019.02.07"]
[Round "5"]
[White "Kryakvin, Dmitry"]
[Black "Burg, Twan"]
[Result "0-1"]
[WhiteTitle "GM"]
[BlackTitle "GM"]
[WhiteElo "2588"]
[BlackElo "2514"]
[WhiteTeam "Moscow Phoenix"]
[BlackTeam "Estonia Horses"]
[WhiteFideId "4153278"]
[BlackFideId "1010697"]
[EventDate "2019.01.08"]

1. d4 d5 2. c4 e6 3. Nf3 Nf6 4. Bg5 Be7 5. e3 h6 6. Bxf6 Bxf6 7. Nc3 O-O 8. Qc2
c5 9. cxd5 cxd4 10. Nxd4 exd5 11. Rd1 Nc6 12. Nxc6 bxc6 13. Be2 Qa5 14. O-O Rb8
15. Na4 Be6 16. b3 Rfc8 17. Nc5 Bf5 18. Bd3 Bxd3 19. Rxd3 Be7 20. Nd7 Rb7 21.
Ne5 Bf6 22. Nxc6 Qa6 23. Rxd5 Qxc6 24. Qxc6 Rxc6 25. Ra5 Rc2 26. g3 Rd7 27. Kg2
Bd8 28. Ra4 Bb6 29. Kf3 Rdd2 30. a3 Rb2 31. Rb4 Rd3 32. Rc1 Rbxb3 33. Rc8+ Kh7
34. Rf4 f6 35. a4 Rd2 36. Re8 Rbb2 37. Kg2 Rd5 38. Re7 Bc5 39. Ree4 Bd6 40. Rf3
Ra2 41. h4 Ra5 42. Rd4 Be5 0-1

[Event "PRO League Group Stage"]
[Site "chess.com INT"]
[Date "2019.02.07"]
[Round "5"]
[White "Afanasiev, Nikita"]
[Black "Narva, Mai"]
[Result "1-0"]
[WhiteTitle "FM"]
[BlackTitle "WIM"]
[WhiteElo "2508"]
[BlackElo "2347"]
[WhiteTeam "Moscow Phoenix"]
[BlackTeam "Estonia Horses"]
[WhiteFideId "24183555"]
[BlackFideId "4500512"]
[EventDate "2019.01.08"]

1. Nf3 Nf6 2. g3 d5 3. Bg2 c5 4. O-O Nc6 5. d4 Bf5 6. c4 e6 7. Nc3 dxc4 8. Ne5
Rc8 9. Qa4 Qb6 10. e4 cxd4 11. exf5 dxc3 12. bxc3 Nd5 13. fxe6 fxe6 14. Qxc4 Qc5
15. Qg4 Nxe5 16. Qxe6+ Ne7 17. Be3 Qa5 18. Rad1 g6 19. Rd5 Qc7 20. Rxe5 Bg7 21.
Re4 Qd7 22. Qxd7+ Kxd7 23. Rd1+ Ke8 24. Bh3 Rc7 25. Bf4 Rxc3 26. Rd7 Bf6 27.
Rxb7 Kf7 28. Be6+ Kg7 29. Bb3 Re8 30. Ba4 Rec8 31. Rexe7+ Bxe7 32. Rxe7+ Kf6 33.
Rxa7 Ra3 34. Ra6+ Kg7 35. Bb5 Rxa6 36. Bxa6 Rc2 37. a4 Kf6 38. h4 Ke6 39. Kg2
Kd5 40. Bb5 Kc5 41. Be8 Re2 42. Bf7 Kb4 43. Bg8 h5 44. Bf7 1-0

[Event "PRO League Group Stage"]
[Site "chess.com INT"]
[Date "2019.02.07"]
[Round "5"]
[White "Ehlvest, Jaan"]
[Black "Savitskiy, Sergey"]
[Result "1-0"]
[WhiteTitle "GM"]
[BlackTitle "IM"]
[WhiteElo "2521"]
[BlackElo "2411"]
[WhiteTeam "Estonia Horses"]
[BlackTeam "Moscow Phoenix"]
[WhiteFideId "4500016"]
[BlackFideId "24105660"]
[EventDate "2019.01.08"]

1. e4 c5 2. Nc3 e6 3. Nf3 a6 4. g3 b5 5. Bg2 Bb7 6. d3 d6 7. O-O Nd7 8. Ng5 Ngf6
9. f4 Qc7 10. f5 e5 11. a4 b4 12. Nd5 Nxd5 13. exd5 Nf6 14. c4 bxc3 15. bxc3
Bxd5 16. Bxd5 Nxd5 17. Qf3 Qc6 18. f6 g6 19. Rb1 Rc8 20. Ne4 h5 21. a5 Bh6 22.
Bxh6 Rxh6 23. Rb7 Kf8 24. Rfb1 1-0

[Event "PRO League Group Stage"]
[Site "chess.com INT"]
[Date "2019.02.07"]
[Round "5"]
[White "Gupta, Abhijeet"]
[Black "Adhiban, Baskaran"]
[Result "0-1"]
[WhiteTitle "GM"]
[BlackTitle "GM"]
[WhiteElo "2581"]
[BlackElo "2689"]
[WhiteTeam "Delhi Dynamite"]
[BlackTeam "Mumbai Movers"]
[WhiteFideId "5010608"]
[BlackFideId "5018471"]
[EventDate "2019.01.08"]

1. Nf3 c5 2. g3 Nc6 3. d4 cxd4 4. Nxd4 g6 5. Bg2 Bg7 6. Nxc6 bxc6 7. c4 h5 8.
Nc3 Rb8 9. Qc2 Qa5 10. Bd2 Qa6 11. b3 Nf6 12. Rc1 h4 13. O-O hxg3 14. hxg3 d6
15. Rfe1 Ng4 16. Ne4 Bf5 17. Bc3 Be5 18. Bxe5 Nxe5 19. Qd2 f6 20. Nxd6+ exd6 21.
Qxd6 Qb6 22. c5 Qd8 23. f4 Qxd6 24. cxd6 Nd7 25. Rxc6 Be6 26. e4 O-O 27. Rc7 a5
28. Kf2 Rb6 29. f5 gxf5 30. exf5 Bxf5 31. Bc6 Rxc6 32. Rxc6 Ne5 33. Rxe5 fxe5
34. Ke3 Kf7 35. Rc5 Ke6 36. d7 Kd6 37. Rxa5 Bxd7 38. Ra6+ Bc6 39. b4 Kc7 40. a4
Rf3+ 41. Ke2 Rxg3 42. b5 Bd5 43. a5 Bc4+ 44. Kf2 Bxb5 45. Rb6 Rb3 46. Re6 Rb2+
47. Kg3 Re2 48. a6 e4 49. a7 Ra2 50. Rxe4 Rxa7 51. Re7+ Bd7 52. Re3 Kd6 53. Kf4
Bc6 54. Rd3+ Bd5 55. Rd4 Rf7+ 56. Ke3 Ke5 57. Rh4 Rf3+ 58. Ke2 Rb3 59. Kf2 Ra3
60. Ke2 Be4 61. Kf2 Kd4 62. Rf4 Ra2+ 63. Kg3 Ke3 64. Rg4 Bf3 65. Rg5 Rg2+ 66.
Kh4 Rh2+ 67. Kg3 Rh1 68. Re5+ Be4 69. Rg5 Rg1+ 70. Kh4 Rf1 71. Kg3 Rf8 72. Kg4
Rf7 73. Kg3 Bf5 74. Kh4 Kf3 75. Rg3+ Ke4 76. Rg5 Rh7+ 77. Rh5 Rd7 78. Rg5 Rd3
79. Rg3 Rd8 80. Rg5 Rh8+ 81. Kg3 Rh3+ 82. Kg2 Rb3 83. Kh2 Kf4 84. Rg2 Be4 85.
Rg8 Rb2+ 86. Kg1 Ke3 87. Rf8 Rg2+ 88. Kf1 Rh2 89. Rg8 Rc2 90. Kg1 Rc1+ 91. Kh2
Rh1+ 92. Kg3 Rg1+ 0-1

[Event "PRO League Group Stage"]
[Site "chess.com INT"]
[Date "2019.02.07"]
[Round "5"]
[White "Harikrishna, Pentala"]
[Black "Mohammad, Nubairshah Shaikh"]
[Result "1-0"]
[WhiteTitle "GM"]
[BlackTitle "IM"]
[WhiteElo "2730"]
[BlackElo "2437"]
[WhiteTeam "Delhi Dynamite"]
[BlackTeam "Mumbai Movers"]
[WhiteFideId "5007003"]
[BlackFideId "5053196"]
[EventDate "2019.01.08"]

1. e4 Nf6 2. e5 Nd5 3. d4 d6 4. c4 Nb6 5. exd6 cxd6 6. Nc3 g6 7. Be3 Bg7 8. Rc1
O-O 9. Be2 d5 10. c5 Nc4 11. Bxc4 dxc4 12. Nge2 Bf5 13. O-O Nc6 14. b3 Bd3 15.
bxc4 Bxc4 16. Qd2 Qa5 17. Rfd1 Rfd8 18. d5 Nb4 19. d6 exd6 20. cxd6 Nd3 21. Rb1
Rxd6 22. Rxb7 Qa6 23. Rc7 Be5 24. Ne4 Rd5 25. N2c3 Bxc7 26. Nxd5 Bxd5 27. Qxd3
Qxd3 28. Nf6+ Kg7 29. Rxd3 Kxf6 30. Rxd5 Bb6 31. h3 Ke6 32. Rb5 Bxe3 33. fxe3
Rd8 34. Ra5 Rd7 35. Kf2 1-0

[Event "PRO League Group Stage"]
[Site "chess.com INT"]
[Date "2019.02.07"]
[Round "5"]
[White "Sadhwani, Raunak"]
[Black "Tarini, Goyal"]
[Result "1-0"]
[WhiteTitle "IM"]
[BlackTitle "WFM"]
[WhiteElo "2451"]
[BlackElo "2150"]
[WhiteTeam "Mumbai Movers"]
[BlackTeam "Delhi Dynamite"]
[WhiteFideId "35093487"]
[BlackFideId "5082749"]
[EventDate "2019.01.08"]

1. e4 c6 2. d4 d5 3. e5 Bf5 4. Nf3 e6 5. c3 Ne7 6. Be2 Nd7 7. O-O Bg6 8. a4 Nf5
9. a5 h5 10. c4 a6 11. Nc3 Be7 12. cxd5 cxd5 13. Qb3 Rb8 14. Bf4 h4 15. Rad1
Qxa5 16. Bd3 h3 17. g4 Nh4 18. Ne1 Bxd3 19. Rxd3 Ng6 20. Bg3 O-O 21. f4 Qb4 22.
Qc2 Qc4 23. f5 Nh8 24. Bf2 b5 25. Rxh3 exf5 26. Qxf5 Ng6 27. Qxd7 Rbd8 28. Qf5
Bb4 29. Be3 Bxc3 30. bxc3 Qe2 31. Ng2 Rc8 32. Qh5 Rfe8 33. Qh7+ Kf8 34. Rhf3 Re7
35. Qxg6 1-0

[Event "PRO League Group Stage"]
[Site "chess.com INT"]
[Date "2019.02.07"]
[Round "5"]
[White "Raja, Harshit"]
[Black "Vaibhav, Suri"]
[Result "1/2-1/2"]
[WhiteTitle "IM"]
[BlackTitle "GM"]
[WhiteElo "2432"]
[BlackElo "2590"]
[WhiteTeam "Mumbai Movers"]
[BlackTeam "Delhi Dynamite"]
[WhiteFideId "5089000"]
[BlackFideId "5045185"]
[EventDate "2019.01.08"]

1. e4 e6 2. d4 d5 3. Nd2 c5 4. exd5 Qxd5 5. Ngf3 cxd4 6. Bc4 Qd8 7. O-O Nc6 8.
Nb3 a6 9. Bg5 Be7 10. Bxe7 Ngxe7 11. Nbxd4 O-O 12. Re1 Qc7 13. Qe2 Nxd4 14. Nxd4
Ng6 15. Bb3 Bd7 16. Rad1 Rad8 17. c3 Bc8 18. Bc2 Rd6 19. Qe3 Rfd8 20. Nb3 b6 21.
Rxd6 Rxd6 22. Rd1 Bb7 23. Rxd6 Qxd6 24. Qd4 Qc7 25. Be4 Nf4 26. Qe3 Nd5 27. Qd4
h6 28. g3 e5 29. Qd3 Nf6 30. Bxb7 Qxb7 31. Nd2 b5 32. Qd6 Qd7 33. Ne4 Qxd6 34.
Nxd6 Kf8 35. Kf1 g6 36. Nb7 Nd7 37. Ke2 Ke7 38. b3 f5 39. Kd3 Ke6 40. c4 g5 41.
Nd8+ Ke7 42. Nb7 Ke6 43. Nd8+ Ke7 44. Nb7 Ke6 1/2-1/2

[Event "PRO League Group Stage"]
[Site "chess.com INT"]
[Date "2019.02.07"]
[Round "5"]
[White "Tsydypov, Zhamsaran"]
[Black "Andriasian, Zaven"]
[Result "1-0"]
[WhiteTitle "IM"]
[BlackTitle "GM"]
[WhiteElo "2545"]
[BlackElo "2604"]
[WhiteTeam "Moscow Wizards"]
[BlackTeam "Armenia Eagles"]
[WhiteFideId "4108566"]
[BlackFideId "13302000"]
[EventDate "2019.01.08"]

1. e4 c5 2. Nf3 d6 3. d4 cxd4 4. Nxd4 Nf6 5. Nc3 a6 6. Bg5 e6 7. f4 Qb6 8. a3
Nc6 9. Nb3 Be7 10. Qf3 Qc7 11. O-O-O O-O 12. g4 b5 13. Bxf6 Bxf6 14. g5 Be7 15.
h4 Rb8 16. f5 Ne5 17. Qf2 b4 18. axb4 Rxb4 19. f6 Bd8 20. fxg7 Kxg7 21. Qd2 a5
22. Nb5 Qc6 23. N3d4 Qc5 24. Rh3 Be7 25. Rc3 Qb6 26. Rc7 Bd7 27. Qc3 Kg8 28.
Rxd7 Nxd7 29. Nc6 Re8 30. Nc7 Rxb2 31. Nxe8 Rb1+ 32. Kd2 Qf2+ 33. Be2 Qf4+ 34.
Qe3 Rxd1+ 35. Bxd1 Qh2+ 36. Be2 Qxh4 37. Nxe7+ Kf8 38. Nf5 exf5 39. Nxd6 fxe4
40. Nf5 Qh2 41. Qxe4 Kg8 42. Qe8+ Nf8 43. Nh6+ 1-0

[Event "PRO League Group Stage"]
[Site "chess.com INT"]
[Date "2019.02.07"]
[Round "5"]
[White "Sjugirov, Sanan"]
[Black "Martirosyan, Haik M."]
[Result "0-1"]
[WhiteTitle "GM"]
[BlackTitle "GM"]
[WhiteElo "2663"]
[BlackElo "2607"]
[WhiteTeam "Moscow Wizards"]
[BlackTeam "Armenia Eagles"]
[WhiteFideId "4189302"]
[BlackFideId "13306553"]
[EventDate "2019.01.08"]

1. d4 Nf6 2. c4 e6 3. Nc3 Bb4 4. Qc2 O-O 5. a3 Bxc3+ 6. Qxc3 b6 7. Bg5 Bb7 8. e3
d6 9. f3 Nbd7 10. Nh3 c5 11. dxc5 bxc5 12. Be2 Qb6 13. O-O a5 14. Nf2 a4 15.
Rad1 h6 16. Bh4 d5 17. Ng4 Nxg4 18. fxg4 Qc6 19. Rf2 Nb6 20. g5 hxg5 21. Bxg5 f5
22. cxd5 Nxd5 23. Qe5 Qb6 24. Bf3 Rac8 25. Rfd2 c4 26. Kh1 Rc5 27. Qg3 c3 28.
bxc3 Rxc3 29. Rd4 Qc7 30. Bxd5 Bxd5 31. Bf4 Qb7 32. Rb4 Qf7 33. Be5 Rc2 34. Rg1
Rfc8 35. h3 Be4 36. Kh2 Re2 37. Qg5 Rd2 38. Rxe4 fxe4 39. Rf1 Qd7 40. Rf4 Rf8
41. Rxe4 Rf5 42. Qg6 Qf7 43. Qxf7+ Kxf7 44. Bf4 g5 45. Bg3 Rb5 46. Rg4 Ra2 47.
Bd6 Rd5 48. Bb4 Re2 49. e4 Re5 50. Bd6 R5xe4 51. Rxg5 e5 52. Rg3 R4e3 53. Rg4
Kf6 54. Rg8 Rd3 55. Bb4 e4 56. h4 e3 57. Re8 Rb2 58. h5 Rxb4 59. axb4 a3 60. h6
Kg6 61. Ra8 e2 0-1

[Event "PRO League Group Stage"]
[Site "chess.com INT"]
[Date "2019.02.07"]
[Round "5"]
[White "Sargsyan, Shant"]
[Black "Dordzhieva, Dinara"]
[Result "1-0"]
[WhiteTitle "IM"]
[BlackTitle "WIM"]
[WhiteElo "2486"]
[BlackElo "2340"]
[WhiteTeam "Armenia Eagles"]
[BlackTeam "Moscow Wizards"]
[WhiteFideId "13306766"]
[BlackFideId "24157570"]
[EventDate "2019.01.08"]

1. e4 c5 2. Nf3 d6 3. Bb5+ Nc6 4. Bxc6+ bxc6 5. O-O Bg4 6. h3 Bh5 7. e5 dxe5 8.
g4 Bg6 9. Nxe5 Qd5 10. Re1 e6 11. Nc3 Qd6 12. Qf3 Rc8 13. d3 Nf6 14. Bf4 Qe7 15.
Bg5 h6 16. Nxg6 fxg6 17. Be3 Qf7 18. Na4 Nd7 19. Qxf7+ Kxf7 20. b3 Be7 21. Kg2
Bf6 22. Rad1 Bd4 23. Bf4 Nb6 24. Rb1 Rhe8 25. Nb2 Red8 26. Nc4 Nxc4 27. bxc4 Rd7
28. Be5 Re8 29. a4 Rc8 30. a5 a6 31. Rb6 Ra7 32. Bb8 Ra8 33. Rb7+ Kf6 34. Bc7 g5
35. Reb1 Kg6 36. R1b3 Rf8 37. Bg3 Rfc8 38. Re7 Bf6 39. Rxe6 Kf7 40. Rd6 Ra7 41.
Rb6 Bd8 42. Rbxc6 Rxc6 43. Rxc6 Bxa5 44. Rxc5 Bc3 45. Be5 Bxe5 46. Rxe5 a5 47.
Kf3 a4 48. Re1 a3 49. Ra1 Ke6 50. Ke4 Kd6 51. Kd4 Kc6 52. Kc3 a2 53. Kb3 Rf7 54.
Rxa2 Rxf2 55. Ra6+ Kb7 56. Rg6 Rf3 57. Rxg7+ Kb8 58. c5 Rxh3 59. Rh7 Rh1 60. Kc4
Rg1 61. d4 Rxg4 62. Rxh6 Rg2 63. c3 g4 64. Rg6 g3 65. Kd5 Rg1 66. Kc6 g2 67.
Rg8+ Ka7 68. d5 1-0

[Event "PRO League Group Stage"]
[Site "chess.com INT"]
[Date "2019.02.07"]
[Round "5"]
[White "Sargsyan, Anna M."]
[Black "Dobrov, Vladimir"]
[Result "1/2-1/2"]
[WhiteTitle "WFM"]
[BlackTitle "GM"]
[WhiteElo "2339"]
[BlackElo "2478"]
[WhiteTeam "Armenia Eagles"]
[BlackTeam "Moscow Wizards"]
[WhiteFideId "13308130"]
[BlackFideId "4136594"]
[EventDate "2019.01.08"]

1. d4 Nf6 2. Nf3 b6 3. c4 Bb7 4. Nc3 g6 5. Qc2 d5 6. cxd5 Nxd5 7. e4 Nxc3 8.
bxc3 Bg7 9. Be3 O-O 10. Be2 c5 11. O-O cxd4 12. cxd4 Qc8 13. Qd3 Qg4 14. Nd2 Qd7
15. Nb3 Qa4 16. Rfc1 Na6 17. Rc4 Qd7 18. Rac1 f5 19. exf5 gxf5 20. Bf4 Rac8 21.
Qe3 e6 22. h4 Rfe8 1/2-1/2